Global 200: los sitios que debemos proteger
Uloženo v:
| Hlavní autor: | |
|---|---|
| Médium: | Kniha |
| Jazyk: | španělština |
| Vydáno: |
Ciudad de México, México
Océano de México
2008
|
| Témata: | |
| Tagy: |
Přidat tag
Žádné tagy, Buďte první, kdo vytvoří štítek k tomuto záznamu!
|
MARC
| LEADER | 00000nam a2200000 a 4500 | ||
|---|---|---|---|
| 001 | UCH8679 | ||
| 003 | CL-VaPUC | ||
| 005 | 20220302074413.0 | ||
| 008 | 091203e20080000MX |||||||||||||||||spa|d | ||
| 999 | |c 338871 |d 338869 | ||
| 020 | |a 9789707774544 | ||
| 040 | |c Pontificia Universidad Católica de Valparaíso | ||
| 082 | 0 | 4 | |a 363 MAN 2008 |2 21 |
| 100 | |a Manferto de Fabianis, Valeria |e autora |9 563516 | ||
| 245 | 1 | 0 | |a Global 200: los sitios que debemos proteger |
| 246 | 1 | 0 | |a Alrededor del mundo con WWF, descubre la naturaleza a salvar |
| 260 | 0 | 3 | |a Ciudad de México, México |b Océano de México |c 2008 |
| 300 | |a 304 páginas | ||
| 583 | |a last modification |c 20091203 00:00:00 |k Rodrigo Vera | ||
| 600 | 0 | 7 | |a WWF |2 CL-VaPUC |9 545391 |
| 650 | 0 | |a Protección del medio ambiente |9 257626 | |
| 650 | 0 | |a Recursos naturales |9 255232 | |
| 650 | 0 | |a Biodiversidad |9 385995 | |
| 650 | 0 | |a Ecosistemas |9 261477 | |
| 942 | |c BK |2 ddc | ||
| 945 | |d 20091203 00:00:00 |a cmena | ||
| 952 | |0 0 |1 0 |2 ddc |4 0 |6 363_000000000000000_MAN_2008 |7 0 |8 C |9 432082 |a BIBCUR |b BIBCUR |d 2019-11-22 |i 458161K |o 363 MAN 2008 |p 458161K |r 2025-04-22 |t 1 |w 2019-11-22 |y BK |k EXP | ||
| 952 | |0 0 |1 0 |2 ddc |4 0 |6 363_000000000000000_MAN_2008 |7 0 |8 C |9 432083 |a BIBCUR |b BIBCUR |d 2019-11-22 |i 4512251 |l 2 |o 363 MAN 2008 |p 4512251 |r 2025-04-22 |s 2023-09-12 |t 2 |w 2019-11-22 |y BK |k BIO | ||